|
|
|
|
| LEADER |
00000nab a2200000 a 4500 |
| 001 |
vtls000701062 |
| 003 |
SK-MaSNL |
| 005 |
20260304182523.0 |
| 008 |
180409c1999 xo 0 slo |
| 015 |
|
|
|a SNBRB1999/09-21774
|
| 035 |
|
|
|a CLN000053229
|
| 040 |
|
|
|a SNKBUCL
|b slo
|c SNKBUCL
|e AACR2
|
| 041 |
0 |
|
|a slo
|
| 044 |
|
|
|a xo
|c SK
|
| 080 |
|
|
|a 943.76"1944":061.3
|2 1997
|
| 080 |
|
|
|a 940.53:061.3
|2 1997
|
| 080 |
|
|
|a 355.48(437.6)"1944":061.3
|2 1997
|
| 100 |
1 |
|
|a Šmihula, Vladislav,
|d 1929-
|4 aut
|9 841624
|
| 245 |
1 |
0 |
|a SNP 1944 - vstup Slovenska do demokratickej Európy
|b (na okraj medzinárodnej konferencie k 55. výročiu SNP)
|c Vladislav Šmihula
|
| 648 |
|
7 |
|a 1944
|2 snkbucl
|9 294704
|
| 648 |
|
7 |
|a 20. stor., 40. r.
|2 snkbucl
|9 771010
|
| 648 |
|
7 |
|a 1999
|2 snkbucl
|9 266597
|
| 650 |
0 |
7 |
|a Slovenské národné povstanie (1944)
|2 snkbucl
|9 177948
|
| 650 |
0 |
7 |
|a druhá svetová vojna (1939-1945)
|2 snkbucl
|9 169657
|
| 650 |
0 |
7 |
|a protifašistický odboj
|2 snkbucl
|9 4751
|
| 650 |
0 |
7 |
|a konferencie
|2 snkbucl
|9 19221
|
| 651 |
|
7 |
|a Slovensko
|x dejiny
|2 snkbucl
|9 13278
|
| 773 |
0 |
|
|t Bojovník
|g Roč. 44, č. 14 (1999), s. 7
|x 0323-2018
|
| 850 |
|
|
|a Slovenská národná knižnica v Martine
|
| 852 |
|
|
|a SNK
|b KIS3GCP
|
| 999 |
|
|
|c 3029751
|d 3031681
|